Διηγήματα ; Λόγια της πλώρης: θαλασσινά διηγήματα ; Η λυγερή

Αποθηκεύτηκε σε:
Λεπτομέρειες βιβλιογραφικής εγγραφής
Κύριος συγγραφέας: Καρκαβίτσας, Ανδρέας, 1865-1922
Μορφή: Βιβλίο
Γλώσσα:Greek
Δημοσίευση: Εν Αθήναις : [χ.ό.], 1927.
Θέματα:
Ετικέτες: Προσθήκη ετικέτας
Δεν υπάρχουν, Καταχωρήστε ετικέτα πρώτοι!

MARC

LEADER 00000cam a2200000 i 4500
001 1/93301
008 080905s1927 gr | ||| |||| ||gre||
035 |l 10099941 
040 |a GR-MY-UA  |b gre  |e aacr 
041 0 |a gre 
082 7 |a 889.33   |2 (22) 
100 1 |a Καρκαβίτσας, Ανδρέας,   |d 1865-1922. 
245 1 0 |a Διηγήματα ; Λόγια της πλώρης: θαλασσινά διηγήματα ; Η λυγερή /   |c Α. Καρκαβίτσα.  
260 |a Εν Αθήναις :   |b [χ.ό.],   |c 1927.  
300 |a π. 555 σ. ;   |c 18 εκ.  
500 |a Το τεκμήριο περιλαμβάνει τα έργα "Διηγήματα", "Λόγια της πλώρης: θαλασσινά διηγήματα" και "Η λυγερή" μαζί.  
500 |a "Διηγήματα": Έκδοσις τρίτη εππιδιορθωμένη, 1927 
500 |a "Λόγια της πλώρης: θαλασσινά διηγήματα": Έκδοσις πέμπτη, [1927;] 
500 |a "Η λυγερή": Έκδοσις τρίτη, 1926 
650 0 0 |a Greek literature, Modern  |y 20th century. 
650 0 0 |a Short stories, Greek (Modern) 
740 0 2 |a Λόγια της πλώρης 
740 0 2 |a Η λυγερή 
852 |a INST  |b RHODES  |c AKA  |e 20080905  |h  889.33 ΚΑΡ  |p 005400027596  |q 005400027596  |t BK  |y 0 
901 |a BIBL4-2008-3 
909 |a Ρ  |b 150920 
970 |a ΧΑΡΙΟΠΟΛΙΤΟΥ  |b ΚΩΝΣΤΑΝΤΙΝΑ  |z 2008/09/05